[Event "Winnipeg Yanofsky Memorial"]
[Site "Winnipeg"]
[Date "2012.07.27"]
[Round "1"]
[White "Nikouline, Alexandre"]
[Black "Rutter, Blair A"]
[Result "1-0"]
[WhiteElo "2090"]
[BlackElo "1870"]
[PlyCount "103"]
[EventDate "2012.07.27"]
[EventType "swiss"]
[EventRounds "5"]
[EventCountry "CAN"]
[SourceTitle "EXT 2022"]
[Source "ChessBase"]
[SourceDate "2021.10.06"]
[SourceVersion "1"]
[SourceVersionDate "2021.10.06"]
[SourceQuality "1"]

1. e4 e6 2. d4 d5 3. e5 c5 4. c3 Nc6 5. Be3 Bd7 6. Nf3 Qb6 7. Qd2 Rc8 8. Be2 cxd4 9. cxd4 Na5 10. Nc3 Bb4 11. 0-0 Ne7 12. Bd3 Nc4 13. Qe2 Nxb2 14. Nxd5 Nxd5 15. Qxb2 Qa5 16. Qe2 Qa3 17. Bd2 a6 18. Rab1 Bxd2 19. Qxd2 Rc3 20. Rxb7 Bc8 21. Rb3 Rxb3 22. axb3 Qxb3 23. Rb1 Qa4 24. Qg5 g6 25. Qh6 Qa3 26. Bf1 Qf8 27. Qxf8+ Rxf8 28. Rb8 Kd7 29. Bxa6 h6 30. Nd2 Kc7 31. Rxc8+ Rxc8 32. Bxc8 Kxc8 33. f3 Kd7 34. Kf2 Kc6 35. Ne4 g5 36. Nd6 f5 37. Nf7 Nc3 38. Nxh6 Kd5 39. Nf7 Kxd4 40. f4 Ne4+ 41. Ke2 gxf4 42. Kf3 Nc3 43. h4 Nd5 44. h5 Ne7 45. Kxf4 Kd5 46. Kg5 Ng8 47. Kg6 f4 48. h6 Nxh6 49. Kxh6 Ke4 50. Kg5 f3 51. gxf3+ Kxf3 52. Kf6 1-0

[Event "Winnipeg Oliver Memorial active"]
[Site "Winnipeg"]
[Date "2011.01.23"]
[Round "5"]
[White "Nikouline, Alexandre"]
[Black "Boron, Anthony"]
[Result "1-0"]
[WhiteElo "2056"]
[BlackElo "1975"]
[PlyCount "71"]
[EventDate "2011.01.23"]
[EventType "swiss"]
[EventRounds "5"]
[EventCountry "CAN"]
[SourceTitle "EXT 2022"]
[Source "ChessBase"]
[SourceDate "2021.10.06"]
[SourceVersion "1"]
[SourceVersionDate "2021.10.06"]
[SourceQuality "1"]

1. e4 c6 2. d4 d5 3. e5 c5 4. c3 Nc6 5. Nf3 Bg4 6. Be2 e6 7. 0-0 Be7 8. Be3 cxd4 9. Nxd4 Bxe2 10. Nxe2 Nxe5 11. Bd4 Bf6 12. Nd2 Ne7 13. f4 Ng4 14. Nf3 Bxd4+ 15. Qxd4 0-0 16. h3 Nf5 17. Qd3 Qb6+ 18. Ned4 Nxd4 19. Nxd4 Nf6 20. Rf2 Ne4 21. Re2 f6 22. Kh2 Qd6 23. g3 Rae8 24. c4 Rc8 25. cxd5 exd5 26. Nf5 Qe6 27. Qxd5 Qxd5 28. Ne7+ Kf7 29. Nxd5 Rfe8 30. Kg2 Rc5 31. Rd1 Rd8 32. Rxe4 Rdxd5 33. Rxd5 Rxd5 34. Kf3 Rd3+ 35. Re3 Rd2 36. Rb3 1-0

[Event "Winnipeg TNT August op"]
[Site "Winnipeg"]
[Date "2010.08.24"]
[Round "4.4"]
[White "Zaczek, Jonathon"]
[Black "Nikouline, Alexandre"]
[Result "1-0"]
[WhiteElo "2189"]
[BlackElo "2122"]
[PlyCount "135"]
[EventDate "2010.08.03"]
[EventType "swiss"]
[EventRounds "4"]
[EventCountry "CAN"]
[SourceTitle "EXT 2022"]
[Source "ChessBase"]
[SourceDate "2021.10.06"]
[SourceVersion "1"]
[SourceVersionDate "2021.10.06"]
[SourceQuality "1"]

1. e4 c5 2. Nf3 d6 3. d4 cxd4 4. Nxd4 Nf6 5. Nc3 g6 6. Be3 Bg7 7. f3 0-0 8. Bc4 Nc6 9. Qd2 Nd7 10. h4 Nb6 11. Bb3 Na5 12. Qd3 Nxb3 13. axb3 d5 14. Ndb5 a6 15. Bxb6 Qxb6 16. Nxd5 Qd8 17. Nbc3 e6 18. Nf4 Qc7 19. Nfe2 Rd8 20. Qe3 b5 21. Rc1 Bb7 22. 0-0 Bf8 23. Kh1 Qe7 24. g3 Rd7 25. Rfd1 Rad8 26. Rxd7 Rxd7 27. Rd1 Qc5 28. Qxc5 Rxd1+ 29. Nxd1 Bxc5 30. Kg2 b4 31. Nf4 a5 32. Nd3 Bb6 33. c3 Ba6 34. N1f2 f6 35. cxb4 Bxf2 36. Nxf2 axb4 37. Ng4 Kf7 38. e5 f5 39. Nf6 h6 40. Nd7 Bb7 41. Nc5 Bd5 42. Nd3 g5 43. Nxb4 Bxb3 44. Kf2 gxh4 45. gxh4 Ke7 46. Nc6+ Kd7 47. Nd4 Bd5 48. Ke3 Kc7 49. b4 Bc4 50. Kd2 Bd5 51. Kc3 Kb6 52. f4 Kc7 53. Nb5+ Kb6 54. Nd6 Bc6 55. Kd4 h5 56. Nc8+ Kc7 57. Kc5 Bd5 58. Nd6 Bg2 59. b5 Bd5 60. b6+ Kb8 61. Nb5 Kb7 62. Nc7 Ba2 63. Kd6 Kxb6 64. Nxe6 Kb5 65. Ng7 Bf7 66. Nxf5 Kc4 67. e6 Bg6 68. Ng7 1-0

[Event "Winnipeg TNT July op"]
[Site "Winnipeg"]
[Date "2010.07.27"]
[Round "4"]
[White "Babb, Jeff"]
[Black "Nikouline, Alexandre"]
[Result "0-1"]
[WhiteElo "2212"]
[BlackElo "2092"]
[PlyCount "85"]
[EventDate "2010.07.06"]
[EventType "swiss"]
[EventRounds "4"]
[EventCountry "CAN"]
[SourceTitle "EXT 2022"]
[Source "ChessBase"]
[SourceDate "2021.10.06"]
[SourceVersion "1"]
[SourceVersionDate "2021.10.06"]
[SourceQuality "1"]

1. f4 c5 2. b3 Qc7 3. e3 e5 4. fxe5 Qxe5 5. Nc3 d5 6. Nf3 Qd6 7. Bb2 Be6 8. Nb5 Qd8 9. Be5 Na6 10. Be2 Nh6 11. 0-0 f6 12. Bb2 Nc7 13. Qe1 a6 14. Nxc7+ Qxc7 15. c4 dxc4 16. bxc4 Bd6 17. a4 Ng4 18. g3 0-0-0 19. Nh4 Ne5 20. Rc1 Bg4 21. Bxe5 Bxe5 22. Bxg4+ Kb8 23. Nf3 h5 24. Nxe5 hxg4 25. Nxg4 Qd7 26. Qe2 Qxa4 27. d3 Qd7 28. Rfd1 Qe7 29. Qf3 Ka7 30. Rb1 Rd6 31. Rb3 g6 32. Rdb1 b6 33. e4 f5 34. exf5 gxf5 35. Qxf5 Rf8 36. Qe5 Re6 37. Qc3 Qg5 38. Qb2 Rb8 39. Nf2 Rh6 40. Ne4 Qd8 41. Qg7+ Ka8 42. Qxh6 Qd4+ 43. Nf2 0-1

[Event "Winnipeg TNT July op"]
[Site "Winnipeg"]
[Date "2010.07.13"]
[Round "2"]
[White "Melamedoff, Gustavo"]
[Black "Nikouline, Alexandre"]
[Result "0-1"]
[WhiteElo "1995"]
[BlackElo "2092"]
[PlyCount "80"]
[EventDate "2010.07.06"]
[EventType "swiss"]
[EventRounds "4"]
[EventCountry "CAN"]
[SourceTitle "EXT 2022"]
[Source "ChessBase"]
[SourceDate "2021.10.06"]
[SourceVersion "1"]
[SourceVersionDate "2021.10.06"]
[SourceQuality "1"]

1. e4 c5 2. Nf3 e6 3. d4 cxd4 4. Nxd4 Nc6 5. Nb5 d6 6. c4 a6 7. N5c3 Nf6 8. Be2 Be7 9. 0-0 0-0 10. Be3 Qc7 11. Nd2 b6 12. Rc1 Ne5 13. f4 Ned7 14. g4 h6 15. Qe1 Bb7 16. b4 Nh7 17. Qf2 Rac8 18. Na4 b5 19. Nb6 Nxb6 20. Bxb6 Qb8 21. cxb5 axb5 22. Bxb5 Nf6 23. a4 Nxg4 24. Qe2 Bxe4 25. a5 Bf5 26. Bd7 Rxc1 27. Rxc1 d5 28. b5 Qxf4 29. Rf1 Qb4 30. a6 Bc5+ 31. Bxc5 Qxc5+ 32. Kh1 Ne3 33. Qf2 d4 34. Ra1 Qd5+ 35. Qf3 Qxd7 36. a7 Qxb5 37. a8Q Rxa8 38. Rxa8+ Kh7 39. h4 Qb2 40. Qf2 Qc1+ 0-1

[Event "Winnipeg TNT March op"]
[Site "Winnipeg"]
[Date "2010.03.23"]
[Round "4"]
[White "Nikouline, Alexandre"]
[Black "Milord, Frank"]
[Result "1-0"]
[WhiteElo "2111"]
[BlackElo "1626"]
[PlyCount "55"]
[EventDate "2010.03.02"]
[EventType "swiss"]
[EventRounds "4"]
[EventCountry "CAN"]
[SourceTitle "EXT 2022"]
[Source "ChessBase"]
[SourceDate "2021.10.06"]
[SourceVersion "1"]
[SourceVersionDate "2021.10.06"]
[SourceQuality "1"]

1. e4 d6 2. d4 Nf6 3. Nc3 g6 4. Be2 Bg7 5. g4 h6 6. g5 hxg5 7. Bxg5 c6 8. Qd3 Qa5 9. Bd2 Qc7 10. 0-0-0 b5 11. e5 Bf5 12. exf6 Bxd3 13. fxg7 Rg8 14. Bxd3 Rxg7 15. Nf3 Rh7 16. h4 Nd7 17. Ng5 Rh8 18. f4 Nf6 19. f5 gxf5 20. Bxf5 a5 21. Nce4 Nxe4 22. Bxe4 e6 23. Rdf1 Rf8 24. Nxf7 Rxf7 25. Bg6 0-0-0 26. Rxf7 Qb6 27. c3 b4 28. h5 1-0

[Event "Winnipeg TNT March op"]
[Site "Winnipeg"]
[Date "2010.03.09"]
[Round "2"]
[White "Nikouline, Alexandre"]
[Black "Einarsson, Ken"]
[Result "0-1"]
[WhiteElo "2111"]
[BlackElo "1782"]
[PlyCount "110"]
[EventDate "2010.03.02"]
[EventType "swiss"]
[EventRounds "4"]
[EventCountry "CAN"]
[SourceTitle "EXT 2022"]
[Source "ChessBase"]
[SourceDate "2021.10.06"]
[SourceVersion "1"]
[SourceVersionDate "2021.10.06"]
[SourceQuality "1"]

1. e4 e5 2. Nf3 Nc6 3. Bb5 a6 4. Ba4 b5 5. Bb3 Bc5 6. c3 d6 7. Bd5 Nge7 8. d4 exd4 9. cxd4 Bb4+ 10. Nc3 Nxd5 11. exd5 Ne7 12. 0-0 0-0 13. Qb3 Bxc3 14. bxc3 Bb7 15. c4 Rb8 16. Bg5 f6 17. Bh4 bxc4 18. Qxc4 Nxd5 19. Rab1 Qc8 20. Rfe1 Kh8 21. Bg3 Nb6 22. Qd3 Bd5 23. Rbc1 Qb7 24. Re7 Bc4 25. Rxc4 Nxc4 26. Qxc4 Qb1+ 27. Re1 Rfe8 28. Rf1 d5 29. Qxa6 Rb6 30. Rxb1 Rxa6 31. Bxc7 Rxa2 32. Kf1 h6 33. g4 Rc2 34. Rb8 Rxb8 35. Bxb8 Rc8 36. Bd6 Re8 37. Nd2 Kg8 38. Bc5 Kf7 39. Kg2 f5 40. Nf3 fxg4 41. Ne5+ Ke6 42. Nxg4 h5 43. Ne3 g6 44. Kg3 Rd8 45. h3 Rd7 46. Ng2 Kf5 47. f3 Rf7 48. Nf4 h4+ 49. Kxh4 Kxf4 50. Bd6+ Kxf3 51. Kg5 Rh7 52. Kxg6 Rxh3 53. Be5 Ke4 54. Kg5 Rd3 55. Kg4 Rxd4 0-1

[Event "Winnipeg Futurity 1"]
[Site "Winnipeg"]
[Date "2010.01.12"]
[Round "2"]
[White "Babb, Jeff"]
[Black "Nikouline, Alexandre"]
[Result "1-0"]
[WhiteElo "2084"]
[BlackElo "2121"]
[PlyCount "101"]
[EventDate "2010.01.05"]
[EventType "tourn"]
[EventRounds "7"]
[EventCountry "CAN"]
[SourceTitle "EXT 2011"]
[Source "ChessBase"]
[SourceDate "2010.11.26"]
[SourceVersion "1"]
[SourceVersionDate "2010.11.26"]
[SourceQuality "1"]

1. f4 d5 2. e3 c5 3. b3 Nf6 4. Bb2 e6 5. Nf3 Nc6 6. Bb5 Qb6 7. Bxc6+ bxc6 8. 0-0 c4 9. Nc3 Ba6 10. Re1 c5 11. Na4 Qc6 12. Ne5 Qc7 13. bxc4 dxc4 14. Qf3 Bb7 15. Qe2 Bc6 16. Qxc4 Rb8 17. Nxc6 Qxc6 18. Bc3 Ne4 19. Rab1 Bd6 20. Rxb8+ Bxb8 21. Nb2 Nd6 22. Qa4 Kd7 23. Nd3 Qxa4 24. Nxc5+ Kc6 25. Nxa4 Kb5 26. Bxg7 Rg8 27. Nc3+ Kc6 28. Be5 Nc4 29. Bxb8 Rxb8 30. Rb1 Rd8 31. d3 Nxe3 32. Rb2 Rg8 33. g3 h5 34. Kf2 Ng4+ 35. Kg2 e5 36. fxe5 Nxe5 37. Ne2 h4 38. Nd4+ Kc5 39. Nf5 hxg3 40. d4+ Kc4 41. dxe5 gxh2+ 42. Kxh2 Kc3 43. Rb7 Re8 44. Rc7+ Kb2 45. Ne3 Kxa2 46. Rxa7+ Kb1 47. Ng4 Kxc2 48. Rxf7 Kd3 49. Rd7+ Kc4 50. Kg3 Kc5 51. Kf4 1-0

[Event "Winnipeg TNT July op"]
[Site "Winnipeg"]
[Date "2009.07.14"]
[Round "2"]
[White "Czypinski, Jaroslaw"]
[Black "Nikouline, Alexandre"]
[Result "0-1"]
[WhiteElo "1875"]
[BlackElo "2137"]
[PlyCount "88"]
[EventDate "2009.07.07"]
[EventType "swiss"]
[EventRounds "4"]
[EventCountry "CAN"]
[SourceTitle "EXT 2011"]
[Source "ChessBase"]
[SourceDate "2010.11.26"]
[SourceVersion "1"]
[SourceVersionDate "2010.11.26"]
[SourceQuality "1"]

1. Nf3 e6 2. d4 Nf6 3. e3 d5 4. Bd3 c5 5. b3 Nc6 6. Bb2 cxd4 7. exd4 Bd6 8. Nbd2 0-0 9. a3 b6 10. 0-0 Qc7 11. Re1 Bb7 12. Ne5 Bxe5 13. dxe5 Nd7 14. f4 Ne7 15. Nf3 Nc5 16. Bxh7+ Kh8 17. Ng5 g6 18. Re3 Kg7 19. g4 Ne4 20. Nxe4 dxe4 21. Rh3 Rh8 22. f5 exf5 23. e6+ f6 24. g5 Nd5 25. c4 Rxh7 26. Rxh7+ Kxh7 27. cxd5 Qc5+ 28. Qd4 Bxd5 29. Qxc5 bxc5 30. e7 Bxb3 31. Rc1 fxg5 32. Rc3 Bd5 33. Rh3+ Kg8 34. Rh8+ Kf7 35. Rxa8 Bxa8 36. Bf6 Bc6 37. Bxg5 Ke6 38. Kf2 Kd5 39. Ke3 Kc4 40. Kd2 Kb3 41. Be3 c4 42. Bxa7 c3+ 43. Kc1 Kc4 44. Be3 Kd3 0-1

[Event "Winnipeg TNT July op"]
[Site "Winnipeg"]
[Date "2009.07.07"]
[Round "1"]
[White "Nikouline, Alexandre"]
[Black "Hemphill, Jim"]
[Result "1-0"]
[WhiteElo "2137"]
[BlackElo "1711"]
[PlyCount "63"]
[EventDate "2009.07.07"]
[EventType "swiss"]
[EventRounds "4"]
[EventCountry "CAN"]
[SourceTitle "EXT 2011"]
[Source "ChessBase"]
[SourceDate "2010.11.26"]
[SourceVersion "1"]
[SourceVersionDate "2010.11.26"]
[SourceQuality "1"]

1. e4 c5 2. Nf3 e6 3. d4 cxd4 4. Nxd4 Nf6 5. Bd3 d6 6. Be3 Be7 7. Nc3 0-0 8. Qd2 Nc6 9. 0-0-0 e5 10. Nde2 Be6 11. Nd5 Ng4 12. Nec3 Nxe3 13. Nxe7+ Qxe7 14. Qxe3 f6 15. Nd5 Qf7 16. c3 f5 17. Bc2 fxe4 18. Bxe4 Rac8 19. f3 Kh8 20. Rd2 b5 21. Qd3 Rfd8 22. Kb1 b4 23. cxb4 Nd4 24. Nc3 g6 25. Qe3 Kg7 26. Rhd1 Rc4 27. Ne2 d5 28. Nxd4 exd4 29. Rxd4 Qc7 30. Bxd5 Bf5+ 31. Ka1 Rc8 32. Bxc4 1-0

[Event "Winnipeg TNT June op"]
[Site "Winnipeg"]
[Date "2009.06.02"]
[Round "1"]
[White "Nikouline, Alexandre"]
[Black "Campbell, Gary"]
[Result "1-0"]
[WhiteElo "2148"]
[BlackElo "1640"]
[PlyCount "48"]
[EventDate "2009.06.02"]
[EventType "swiss"]
[EventRounds "4"]
[EventCountry "CAN"]
[SourceTitle "EXT 2011"]
[Source "ChessBase"]
[SourceDate "2010.11.26"]
[SourceVersion "1"]
[SourceVersionDate "2010.11.26"]
[SourceQuality "1"]

1. e4 e6 2. d4 d5 3. Nc3 Nf6 4. e5 Nfd7 5. Nf3 c5 6. Be2 Nc6 7. Bf4 Qb6 8. 0-0 cxd4 9. Nb5 Be7 10. Nbxd4 0-0 11. Qd2 Nc5 12. c3 Ne4 13. Qc2 Nxd4 14. Nxd4 f6 15. Be3 Qd8 16. Bd3 fxe5 17. Nf3 Nf6 18. Nxe5 Bd7 19. Bd4 Rc8 20. Rae1 Bd6 21. Re3 Bxe5 22. Bxe5 h6 23. Rg3 Qe7 24. Qe2 Nh5 1-0

[Event "Winnipeg TNT May op"]
[Site "Winnipeg"]
[Date "2009.05.12"]
[Round "2"]
[White "Lipnowski, Samuel"]
[Black "Nikouline, Alexandre"]
[Result "1/2-1/2"]
[WhiteElo "2272"]
[BlackElo "2111"]
[PlyCount "101"]
[EventDate "2009.05.05"]
[EventType "swiss"]
[EventRounds "4"]
[EventCountry "CAN"]
[SourceTitle "EXT 2011"]
[Source "ChessBase"]
[SourceDate "2010.11.26"]
[SourceVersion "1"]
[SourceVersionDate "2010.11.26"]
[SourceQuality "1"]

1. e4 e5 2. Nf3 Nc6 3. d4 exd4 4. Nxd4 Nf6 5. Nxc6 bxc6 6. e5 Nd5 7. Bc4 Bb7 8. 0-0 Be7 9. Qg4 g5 10. Qh5 d6 11. e6 0-0 12. Bd3 f5 13. h4 Qe8 14. Qxe8 Raxe8 15. hxg5 Nb4 16. Na3 Nxd3 17. cxd3 f4 18. Nc4 Bxg5 19. Na5 Ba8 20. Re1 c5 21. Bd2 Rf6 22. f3 Rg6 23. Kf1 Rgxe6 24. Rac1 Rxe1+ 25. Bxe1 Bf6 26. b4 Bd4 27. Nb3 Be3 28. Rc2 Bc6 29. bxc5 Bb5 30. Rc3 dxc5 31. Bf2 Rd8 32. Bxe3 Rxd3 33. Rxd3 Bxd3+ 34. Kf2 fxe3+ 35. Kxe3 c4 36. Nc1 Bf5 37. Kd4 Be6 38. Ke5 Kf7 39. f4 Bc8 40. f5 h5 41. g3 Bb7 42. Ne2 Bf3 43. Nc3 Bc6 44. a3 a5 45. Ne2 Be8 46. Nc3 Ke7 47. Nd5+ Kd7 48. Nc3 Kc6 49. Ke6 Bd7+ 50. Ke5 Be8 51. Ke6 1/2-1/2

[Event "Yanofsky Memorial op"]
[Site "Winnipeg"]
[Date "2008.08.31"]
[Round "5"]
[White "Boron, Anthony"]
[Black "Nikouline, Alexandre"]
[Result "0-1"]
[WhiteElo "1992"]
[BlackElo "2138"]
[PlyCount "102"]
[EventDate "2008.08.29"]
[EventType "swiss"]
[EventRounds "5"]
[EventCountry "CAN"]
[SourceTitle "EXT 2011"]
[Source "ChessBase"]
[SourceDate "2010.11.26"]
[SourceVersion "1"]
[SourceVersionDate "2010.11.26"]
[SourceQuality "1"]

1. e4 c5 2. c3 e6 3. d4 d5 4. exd5 Qxd5 5. Nf3 Nc6 6. Na3 cxd4 7. Nb5 Bd6 8. Nxd6+ Qxd6 9. Nxd4 Nxd4 10. Qxd4 Qxd4 11. cxd4 Bd7 12. Bd3 Bc6 13. 0-0 Ne7 14. Be3 0-0 15. Rac1 Bd5 16. b3 Rac8 17. Rc5 b6 18. Rcc1 Rfd8 19. Ba6 Rc6 20. Bb5 Rxc1 21. Rxc1 Rc8 22. Rxc8+ Nxc8 23. Bf4 Bb7 24. f3 Ne7 25. Bb8 a6 26. Bc4 Nc6 27. Bc7 b5 28. d5 Nb4 29. a3 bxc4 30. axb4 cxb3 31. Be5 f6 32. Bd4 Bxd5 33. Kf2 Kf7 34. Ke3 e5 35. Bb2 Ke6 36. h4 h5 37. g4 hxg4 38. fxg4 Bg2 39. Kf2 Bc6 40. Ke3 Kd5 41. g5 f5 42. h5 Be8 43. g6 f4+ 44. Kf3 Ke6 45. Kg4 Kf6 46. Bc3 Bd7+ 47. Kh4 Kf5 48. Bb2 Bb5 49. Bc3 Be2 50. Bb2 Bxh5 51. Kxh5 f3 0-1

[Event "Yanofsky Memorial op"]
[Site "Winnipeg"]
[Date "2008.08.30"]
[Round "3"]
[White "Lipnowski, Samuel"]
[Black "Nikouline, Alexandre"]
[Result "1-0"]
[WhiteElo "2277"]
[BlackElo "2138"]
[PlyCount "45"]
[EventDate "2008.08.29"]
[EventType "swiss"]
[EventRounds "5"]
[EventCountry "CAN"]
[SourceTitle "EXT 2011"]
[Source "ChessBase"]
[SourceDate "2010.11.26"]
[SourceVersion "1"]
[SourceVersionDate "2010.11.26"]
[SourceQuality "1"]

1. e4 e5 2. Nf3 Nc6 3. Bb5 a6 4. Ba4 Nf6 5. Bxc6 dxc6 6. d3 Bg4 7. h3 Bxf3 8. Qxf3 Bc5 9. 0-0 Qd6 10. Nd2 0-0-0 11. Nc4 Qe6 12. Be3 Nd7 13. Bxc5 Nxc5 14. Qe3 b6 15. a4 Rd4 16. f4 f6 17. fxe5 fxe5 18. Rf5 Nxa4 19. Rxa4 b5 20. Rxa6 Kb7 21. Nxe5 Kxa6 22. Qxd4 Qa2 23. Nxc6 1-0

[Event "Winnipeg TNT August op"]
[Site "Winnipeg"]
[Date "2008.08.26"]
[Round "4"]
[White "Mundwiler, Les"]
[Black "Nikouline, Alexandre"]
[Result "0-1"]
[WhiteElo "1989"]
[BlackElo "2088"]
[PlyCount "122"]
[EventDate "2008.08.05"]
[EventType "swiss"]
[EventRounds "4"]
[EventCountry "CAN"]
[SourceTitle "EXT 2011"]
[Source "ChessBase"]
[SourceDate "2010.11.26"]
[SourceVersion "1"]
[SourceVersionDate "2010.11.26"]
[SourceQuality "1"]

1. e4 c5 2. Nc3 Nc6 3. Nge2 g6 4. g3 Bg7 5. Bg2 Nf6 6. 0-0 d6 7. d3 Bd7 8. Nd5 Nxd5 9. exd5 Ne5 10. h3 f5 11. f4 Nf7 12. c3 0-0 13. Be3 Qc7 14. d4 c4 15. Kh2 Bf6 16. Qd2 h5 17. Ng1 h4 18. Qf2 hxg3+ 19. Qxg3 Kg7 20. Nf3 Rh8 21. Rad1 Qa5 22. a3 Rh6 23. Ng5 Rah8 24. Ne6+ Kh7 25. Rg1 Bh4 26. Qf3 Rh5 27. Bf1 Nh6 28. Rd2 Bxe6 29. dxe6 Be1 30. Qxb7 Qd8 31. Re2 Ng4+ 32. Kg2 Nxe3+ 33. Rxe3 Bd2 34. Rf3 d5 35. Kf2 Qd6 36. Qd7 Bxf4 37. Qxd6 Bxd6 38. Bg2 Rb8 39. Re1 Rxb2+ 40. Re2 Rb3 41. Ra2 Kg7 42. Bf1 Kf6 43. Be2 Kxe6 44. Re3+ Kf6 45. Bxh5 gxh5 46. a4 f4 47. Rf3 Kf5 48. Kg2 Ba3 49. Re2 Bd6 50. Ra2 e5 51. dxe5 Bxe5 52. Rd2 Ke6 53. Re2 Kd6 54. Rc2 Ra3 55. Rb2 Rxc3 56. Rb7 Rc2+ 57. Kf1 d4 58. Rxa7 d3 59. Ra8 Kd5 60. Rd8+ Ke4 61. Rf2 c3 0-1

[Event "Winnipeg TNT August op"]
[Site "Winnipeg"]
[Date "2008.08.12"]
[Round "2"]
[White "Khedkar, Jay S"]
[Black "Nikouline, Alexandre"]
[Result "0-1"]
[WhiteElo "1911"]
[BlackElo "2088"]
[PlyCount "100"]
[EventDate "2008.08.05"]
[EventType "swiss"]
[EventRounds "4"]
[EventCountry "CAN"]
[SourceTitle "EXT 2011"]
[Source "ChessBase"]
[SourceDate "2010.11.26"]
[SourceVersion "1"]
[SourceVersionDate "2010.11.26"]
[SourceQuality "1"]

1. e4 c5 2. Nf3 Nc6 3. d4 cxd4 4. Nxd4 Nf6 5. Nc3 e5 6. Ndb5 d6 7. Nd5 Nxd5 8. exd5 Nb8 9. c4 Be7 10. Bd3 0-0 11. 0-0 f5 12. f4 Qb6+ 13. Kh1 e4 14. Bc2 Bd7 15. Qe2 Qd8 16. Nd4 Na6 17. Be3 Rc8 18. Rac1 Nc7 19. Bb3 Kh8 20. Rfd1 Bf6 21. Qf2 Qe7 22. c5 Ne8 23. Ne6 Bxe6 24. dxe6 d5 25. Rxd5 Qxe6 26. Rd8 Qc6 27. Bd5 Qc7 28. Rxc8 Qxc8 29. c6 b6 30. Bxb6 axb6 31. Qxb6 Qc7 32. Qf2 Nd6 33. b4 Ra8 34. Qc5 Bb2 35. Rd1 Re8 36. b5 Nc8 37. Be6 Qxf4 38. Qxf5 Qxf5 39. Bxf5 e3 40. Bxc8 e2 41. Re1 Rf8 42. g3 Rf1+ 43. Kg2 Rxe1 44. Kf2 Bc3 45. Bg4 Ba5 46. Bxe2 Ra1 47. Bc4 Rc1 48. Bb3 Rc5 49. a4 g5 50. Ke2 Kg7 0-1

[Event "Winnipeg TNT August op"]
[Site "Winnipeg"]
[Date "2008.08.05"]
[Round "1"]
[White "Nikouline, Alexandre"]
[Black "Goodman, Clifford"]
[Result "1-0"]
[WhiteElo "2088"]
[BlackElo "1654"]
[PlyCount "45"]
[EventDate "2008.08.05"]
[EventType "swiss"]
[EventRounds "4"]
[EventCountry "CAN"]
[SourceTitle "EXT 2011"]
[Source "ChessBase"]
[SourceDate "2010.11.26"]
[SourceVersion "1"]
[SourceVersionDate "2010.11.26"]
[SourceQuality "1"]

1. e4 g6 2. d4 Bg7 3. Nc3 c6 4. Be3 d5 5. e5 h5 6. Bd3 Nh6 7. Nce2 Bf5 8. Bxh6 Bxh6 9. Bxf5 gxf5 10. Nh3 e6 11. Nef4 Qa5+ 12. c3 c5 13. 0-0 Nd7 14. b4 cxb4 15. cxb4 Qxb4 16. Rb1 Qc4 17. Rxb7 Nb6 18. Qxh5 0-0-0 19. Rxa7 Bxf4 20. Qxf7 Bxh2+ 21. Kxh2 Rde8 22. Qb7+ Kd8 23. Qxb6+ 1-0

[Event "Winnipeg TNT June op"]
[Site "Winnipeg"]
[Date "2008.06.24"]
[Round "4"]
[White "Nikouline, Alexandre"]
[Black "Bince, Rolando"]
[Result "0-1"]
[WhiteElo "2135"]
[BlackElo "1922"]
[PlyCount "90"]
[EventDate "2008.06.03"]
[EventType "swiss"]
[EventRounds "4"]
[EventCountry "CAN"]
[SourceTitle "EXT 2011"]
[Source "ChessBase"]
[SourceDate "2010.11.26"]
[SourceVersion "1"]
[SourceVersionDate "2010.11.26"]
[SourceQuality "1"]

1. e4 c6 2. d4 d5 3. e5 Bf5 4. Nc3 e6 5. g4 Bg6 6. Be3 h5 7. Be2 hxg4 8. Bxg4 Nh6 9. Bh5 Bf5 10. Be2 Be7 11. Qd2 b5 12. Bd3 Bxd3 13. Qxd3 Nf5 14. Nge2 Nd7 15. Ng3 Nh4 16. 0-0-0 Nb6 17. f4 g6 18. Kb1 a5 19. Rdf1 Nc4 20. Bc1 a4 21. b3 Qb6 22. Ka1 axb3 23. cxb3 Na3 24. Rf2 Kd7 25. Bxa3 Bxa3 26. Rc2 Nf5 27. Nxf5 gxf5 28. Rg2 Rag8 29. Rxg8 Rxg8 30. h4 Bf8 31. a4 Bh6 32. axb5 cxb5 33. h5 Qa5+ 34. Kb2 Rg2+ 35. Ne2 Qb6 36. Rc1 Bxf4 37. Rc2 Bh6 38. Qc3 Rg8 39. Qd3 b4 40. Rc5 Rb8 41. Qg3 Qa6 42. Nc1 Ra8 43. Kc2 Bxc1 44. Kd1 Qf1+ 45. Qe1 Qd3+ 0-1

[Event "Winnipeg TNT May op"]
[Site "Winnipeg"]
[Date "2008.05.27"]
[Round "4"]
[White "Schulz, Waldemar"]
[Black "Nikouline, Alexandre"]
[Result "1/2-1/2"]
[WhiteElo "2056"]
[BlackElo "2123"]
[PlyCount "130"]
[EventDate "2008.05.06"]
[EventType "swiss"]
[EventRounds "4"]
[EventCountry "CAN"]
[SourceTitle "EXT 2011"]
[Source "ChessBase"]
[SourceDate "2010.11.26"]
[SourceVersion "1"]
[SourceVersionDate "2010.11.26"]
[SourceQuality "1"]

1. Nf3 Nf6 2. c4 e6 3. g3 b6 4. Bg2 Bb7 5. 0-0 c5 6. Nc3 Be7 7. d4 cxd4 8. Qxd4 Nc6 9. Qf4 Rc8 10. Rd1 a6 11. b3 Qc7 12. Qxc7 Rxc7 13. Bf4 Rc8 14. Na4 Nh5 15. Nxb6 Nxf4 16. Nxc8 Nxe2+ 17. Kf1 Nxg3+ 18. hxg3 Bxc8 19. Ne1 h5 20. Nc2 h4 21. gxh4 Rxh4 22. Ke2 f5 23. Rh1 g5 24. Rad1 Ne5 25. Rd4 Ng6 26. Rdxh4 Nxh4 27. Ba8 Kd8 28. Rd1 Ng6 29. Nd4 Kc7 30. Nc2 Nf4+ 31. Kf1 e5 32. Ne3 d6 33. Nd5+ Nxd5 34. Bxd5 a5 35. Ke2 f4 36. Rh1 Bf5 37. Rh8 g4 38. Ra8 f3+ 39. Ke1 Bh4 40. Rh8 g3 41. Bxf3 gxf2+ 42. Kf1 Bg3 43. Rg8 Bh4 44. Rh8 Bg3 45. Rg8 Bf4 46. Kxf2 Bb1 47. a3 Bc2 48. Rg7+ Kb6 49. Rb7+ Kc5 50. Rb5+ Kd4 51. Rxa5 e4 52. Bxe4 Bxe4 53. Rb5 Be5 54. a4 Bc6 55. Rb8 Kc3 56. a5 Bd4+ 57. Kg3 Ba7 58. Rc8 Be4 59. Rc7 Bd4 60. a6 Kxb3 61. a7 Kb4 62. Kf4 Bh1 63. Kf5 Ka5 64. Ke6 Bc5 65. Rd7 Kb4 1/2-1/2

[Event "Winnipeg Yanofsky Memorial"]
[Site "Winnipeg"]
[Date "2007.09.02"]
[Round "5"]
[White "Nikouline, Alexandre"]
[Black "Oberton, Daniel"]
[Result "1-0"]
[WhiteElo "2140"]
[BlackElo "2011"]
[PlyCount "69"]
[EventDate "2007.08.31"]
[EventType "swiss"]
[EventRounds "5"]
[EventCountry "CAN"]
[SourceTitle "EXT 2022"]
[Source "ChessBase"]
[SourceDate "2021.10.06"]
[SourceVersion "1"]
[SourceVersionDate "2021.10.06"]
[SourceQuality "1"]

1. e4 c5 2. Nf3 d6 3. d4 cxd4 4. Nxd4 Nf6 5. Nc3 g6 6. Be2 Bg7 7. 0-0 Nc6 8. Nb3 0-0 9. Bg5 h6 10. Bh4 Bd7 11. f4 Rc8 12. Kh1 a6 13. Bf3 b5 14. Nd5 Nh7 15. c3 g5 16. Bf2 Be6 17. Nd4 Nxd4 18. Bxd4 Bxd5 19. Bxg7 Kxg7 20. exd5 f5 21. a4 Nf6 22. fxg5 hxg5 23. axb5 axb5 24. Qd2 Kg6 25. Be2 Qb6 26. Bd3 Nh5 27. g4 Ng7 28. gxf5+ Kf7 29. Qxg5 Qb7 30. f6 exf6 31. Rxf6+ Kg8 32. Rxd6 Qc7 33. Qg6 Rf7 34. Rc6 Qd7 35. Rxc8+ 1-0